Sustainability (Record no. 82877)

MARC details
000 -LEADER
fixed length control field 00603cab a22001815a 4500
001 - CONTROL NUMBER
control field L151991
008 - FIXED-LENGTH DATA ELEMENTS--GENERAL INFORMATION
fixed length control field 110118e20110114xxk 000 0 eng d
035 ## - SYSTEM CONTROL NUMBER
System control number (Sirsi) u151991
041 0# - LANGUAGE CODE
Language code of text/sound track or separate title eng
110 2# - MAIN ENTRY--CORPORATE NAME
Corporate name or jurisdiction name as entry element Cyril Sweett
9 (RLIN) 5158
245 00 - TITLE STATEMENT
Title Sustainability
Remainder of title zeroing in
490 ## - SERIES STATEMENT
Series statement Building
Volume/sequential designation 275(8661) 14 January 2011, 50-54(5)
520 ## - SUMMARY, ETC.
Summary, etc. Considers the Zero Carbon Hub's Carbon Compliance Task Group recommendations. Includes an update on the definition of a zero carbon home.
590 ## - LOCAL NOTE (RLIN)
Local note KA
651 #4 - SUBJECT ADDED ENTRY--GEOGRAPHIC NAME
Geographic name United Kingdom
Chronological subdivision
690 ## - LOCAL SUBJECT ADDED ENTRY--TOPICAL TERM (OCLC, RLIN)
Topical term or geographic name as entry element BUILT ENVIRONMENT-SUSTAINABLE CONSTRUCTION
942 ## - ADDED ENTRY ELEMENTS (KOHA)
Suppress in OPAC 0
Holdings
Withdrawn status Lost status Source of classification or shelving scheme Damaged status Not for loan Home library Current library Shelving location Date acquired Total Checkouts Full call number Barcode Date last seen Copy number Price effective from Koha item type
    Dewey Decimal Classification     London London Journal article 18/01/2011   L151991 151991-1001 06/08/2019 1 06/08/2019 Journal article